000 00268nam a2200121Ia 4500
008 241002s9999 xx 000 0 und d
082 _a700.1 HER
100 _aHerbert, Read
245 4 _athe Meaning of ART
260 _aLondon:
_c1966
600 _aArt
942 _cUC
999 _c18543
_d18543